| 000 | 00813nam a2200181 a 4500 | ||
|---|---|---|---|
| 008 | 120416s1980 ||||||||||||||||| || u | ||
| 050 | _aHF 5681.B2 New | ||
| 100 | _aNewman, Benjamin | ||
| 245 | 1 | 0 | _aForms manual for the CPA |
| 246 | _afor audit, review, and compilation of financial statements | ||
| 260 |
_aNew York _bJohn Wiley and Sons _c1980 |
||
| 300 | _axxi, 574p. : ill. | ||
| 350 | _a0.00 | ||
| 650 | 0 | _aACCOUNTING--HANDBOOKS, MANUALS, ETC | |
| 650 | _aFINANCIAL ACCOUNTING | ||
| 995 |
_aANNEX COLLECTION (Main Library) _D0.00 _e704389 _FCBU-MAIN LIBRARY (Kitwe) _H1 _I0.00 _jHF 5681.B2 New _M1 _UAVAILABLE _y006805 _ZAnnex Low-Usage Collection |
||
| 995 |
_aMAIN LIBRARY OPEN ACCESS _D0.00 _e704390 _FCBU-MAIN LIBRARY (Kitwe) _H2 _I0.00 _jHF 5681.B2 New _M2 _UAVAILABLE _y006808 _ZMain Library Open Access Collection |
||
| 999 |
_c63251 _d63251 |
||